000 00830nam a2200217Ia 4500
001 8412
003 GE_BSU
008 181216s||||||||xx |||||||||||||| ||und||
040 _cGE_BSU
080 _a821.353.1-11
100 _aვაჟა-ფშაველა
245 _aთხზულებანი. ორ ტომად. ტ.1 ლექსები,პოემები
245 _cშემდგ. ალექსი ჭინჭარაული. რედ.ირ.არაბული. მხატვ. ზ. ფორჩხიძე
260 _aთბილისი
260 _bსაბჭოთა საქართველო
260 _c1979
300 _a762გვ.20სმ.
653 _aთხზულებანი
653 _aლექსები,პოემები
942 _cBK
999 _c41731
_d41731